Wii Sports/Wii Sports Resort Champions - Statistics

General Stats
  • This quiz has been taken 29 times
  • The average score is 4 of 6
Answer Stats
Sport Champion % Correct
Boxing Matt
95%
Swordplay Matt
95%
Table Tennis Lucía
73%
Basketball Tommy
64%
Baseball Sakura
50%
Tennis Elisa
41%
No matching quizzes found
Score Distribution
Percent of People with Each Score
Percentile by Number Answered
Your Score History
You have not taken this quiz